Influence of forestry on forest policy and forest products trade in Australia and New Zealand : an H.R. MacMillan lectureship address delivered at the University of British Columbia, Monday, January 21, 1963.

Saved in:
Bibliographic Details
Main Author: Entrican, Alexander Robert, 1898-
Format: Book
Language:English
Published: Vancouver : University of British Columbia, 1963.
Series:British Columbia. University, Vancouver. Lecture series ; no. 33.
Subjects:
LEADER 01270cam a2200277 a 4500
001 c000265987
003 CARM
005 20070731135554.0
008 850519s1963 bcc 000 0 eng d
019 1 |a 13869454  |5 LACONCORD2021 
035 |a (OCoLC)156762963  |5 LACONCORD2021 
040 |a ANU  |b eng  |c ANU  |d VCAV 
042 |a anuc 
043 |a u-at---  |a u-nz--- 
100 1 |a Entrican, Alexander Robert,  |d 1898- 
245 1 0 |a Influence of forestry on forest policy and forest products trade in Australia and New Zealand :  |b an H.R. MacMillan lectureship address delivered at the University of British Columbia, Monday, January 21, 1963. 
260 |a Vancouver :  |b University of British Columbia,  |c 1963. 
300 |a 22 p. ;  |c 23 cm. 
490 1 |a British Columbia. University, Vancouver. Lecture series ;  |v no. 33. 
650 0 |a Forests and forestry  |z New Zealand. 
650 0 |a Forests and forestry  |z Australia. 
650 0 |a Forest policy  |z New Zealand. 
810 2 |a University of British Columbia.  |t Lecture series ;  |v no. 33. 
852 8 |b CARM  |h AX:AXXXXX  |i X00000  |p 0383785  |z no loc  |f BK 
999 f f |i 79f52a4e-031a-5eb8-abf0-67673b4ef2fd  |s 1819b91e-ab66-5ffe-8cdb-4cd7340572a0 
952 f f |p Can circulate  |a CAVAL  |b CAVAL  |c CAVAL  |d CARM 1 Store  |e X00000  |f AX:AXXXXX  |h Other scheme  |i book  |m 0383785